| 000 | 01502nam a2200361 4500 | ||
|---|---|---|---|
| 001 | 59464 | ||
| 003 | CO-BoRNBP | ||
| 005 | 20251015212955.0 | ||
| 007 | ta | ||
| 008 | 250131s2024 ck a|||br|||| 00| j spa d | ||
| 020 | _a9786289644722 | ||
| 040 |
_aCO-BoRNBP _bspa _erda _cCO-BoRNBP |
||
| 041 | 0 | _aspa | |
| 043 | _as-cl--- | ||
| 084 | _aC | ||
| 100 |
_aVillarreal Gil, Paula _eaut _965660 |
||
| 245 | 1 | 0 |
_aInseparables / _cPaula Villarreal Gil ; ilustraciones por Sandra Conejeros Fuentes. |
| 250 | _aEdición especial | ||
| 264 | 1 |
_aBogotá, Colombia : _bAvión de Papel, _c2024 |
|
| 300 |
_a18 páginas sin numerar : _bilustraciones a color |
||
| 336 |
_atexto _btxt _2rdacontenido |
||
| 337 |
_asin mediación _bn _2rdamedio |
||
| 338 |
_avolumen _bnc _2rdasoporte |
||
| 520 | _aEUna historia narrada desde los ojos de un pequeño elefante, quien camina la vida de la mano de su abuela. Mediante coloridas ilustraciones, este libro aborda el amor familiar en primera persona e invita a recorrer sus páginas para conocer la travesía de crecer | ||
| 521 | _aRecomendado para un público infantil mayor de 3 años | ||
| 650 | 0 | 7 |
_aAbuelos e hijos en la literatura _2lemb _965661 |
| 650 | 0 | 7 |
_aAmor en la literatura _2lemb _969 |
| 650 | 0 | 4 |
_aCuentos infantiles chilenos _ySiglo XX _2LEMB _9916 |
| 650 | 0 | 4 |
_aLiteratura infantil chilena _ySiglo XX _2LEMB _9917 |
| 650 | 0 | 7 |
_aRelaciones familiares en la literatura _2lemb |
| 700 |
_aConejeros Fuentes, Sandra _eill _965662 |
||
| 942 |
_2loc _cBKLITI _n0 |
||
| 999 |
_c59464 _d59464 |
||